| 000 -ლიდერი |
| ფიქსირებული სიგრძის საკონტროლო ველი |
00905nam a22001937a 4500 |
| 003 - საკონტროლო ნომრის იდენტიფიკატორი |
| საკონტროლო ველი |
Ge_BSU |
| 005 - ბოლო ოპერაციის თარიღი და დრო |
| საკონტროლო ველი |
20240607155423.0 |
| 008 - ფიქსირებული სიგრძის მონაცემთა ელემენტები - ზოგადი ინფორმაცია |
| ფიქსირებული სიგრძის საკონტროლო ველი |
240607s1972 ge ||||| |||| 00| 0 geo d |
| 041 ## - ენის კოდი |
| Language code of text/sound track or separate title |
geo |
| 080 ## - უნივერსალური ათობითი კლასიფიკაციის ინდექსი |
| Universal Decimal Classification number |
614.2(479.22)(09) ს-96 |
| 100 ## - მთავარი ჩანაწერი - პიროვნების სახელი |
| Personal name |
სურმანიძე, რამაზ |
| 9 (RLIN) |
22364 |
| 245 ## - ცნობა სათაურის შესახებ |
| Title |
ჯანმრთელობის დაცვის სათავეებთან / |
| Statement of responsibility, etc |
რამაზ სურმანიძე; რედ. ლ. ბეჟანიძე. |
| 264 ## - წარმოების, გამოცემის, დისტრიბუციის და სხვა ცნობები |
| გამოცემის, წარმოების, დისტრიბუციის... ადგილი |
ბათუმი : |
| გამოცემის, წარმოების, დისტრიბუციის... სახელწოდება |
საბჭ. აჭარა, |
| გამოცემის, წარმოების, დისტრიბუციის... თარიღი |
1972. |
| 300 ## - ფიზიკური აღწერა |
| Extent |
119 გვ. : |
| Other physical details |
ილ. ; |
| Dimensions |
20 სმ. |
| 653 ## - INDEX TERM--UNCONTROLLED |
| Uncontrolled term |
ჯანმრთელობის დაცვის ისტორია საქართველოში |
| 653 ## - INDEX TERM--UNCONTROLLED |
| Uncontrolled term |
მედიცინა |
| 700 ## - ADDED ENTRY--PERSONAL NAME |
| Personal name |
ბეჟანიძე, ლ. |
| Relator term |
რედაქტორი |
| 9 (RLIN) |
3837 |
| 942 ## - ADDED ENTRY ELEMENTS (KOHA) |
| Source of classification or shelving scheme |
|
| Koha item type |
წიგნი |